[Event "Take your time!"]
[Site "SchemingMind.com"]
[Date "2012.11.29"]
[Round "-"]
[White "Jacek"]
[Black "Aadsje"]
[Result "0-1"]
[WhiteCountry "POL"]
[BlackCountry "NED"]
[WhiteElo "1437"]
[WhiteRD "114"]
[BlackElo "2233"]
[BlackRD "63"]
[GameID "322171"]

1. e4 e5 2. Bc4 Nf6 3. d4 exd4 4. Nf3 d5 5. exd5 Bb4+ 6. Bd2 Nxd5 7. Qe2+ Be7 8. O-O Nc6 9. Ng5 O-O 10. Nxh7 Kxh7
11. Qh5+ Kg8 12. Bxd5 Be6 13. Be4 f5 14. Bxc6 bxc6 15. Re1 Bd5 16. Bf4 Bd6 17. Bxd6 Qxd6 18. Nd2 Rf6 19. Re8+ Rxe8 20. Qxe8+ Rf8
21. Qh5 Qe5 22. Nf3 Qe2 23. Re1 Bxf3
0-1

[Event "Take your time!"]
[Site "SchemingMind.com"]
[Date "2012.11.29"]
[Round "-"]
[White "lontjr"]
[Black "Aadsje"]
[Result "0-1"]
[WhiteCountry "USA"]
[BlackCountry "NED"]
[WhiteElo "1479"]
[WhiteRD "105"]
[BlackElo "2246"]
[BlackRD "61"]
[GameID "322172"]

1. e4 c6 2. d4 d5 3. exd5 Qxd5 4. Nc3 Qd6 5. Nf3 Bg4 6. Be2 Nf6 7. O-O e6 8. Be3 Nbd7 9. Qd3 Qc7 10. a3 Bf5
11. Qd2 Bd6 12. Rad1 O-O 13. Bc4 b5 14. Bb3 h6 15. Qe2 a5 16. Ba2 Nb6 17. Qd2 Ng4 18. h3 Nxe3 19. fxe3 b4 20. Ne2 bxa3
21. bxa3 Bxa3 22. Nc3 Bb4 23. Ne5 Na4
0-1

[Event "Take your time!"]
[Site "SchemingMind.com"]
[Date "2012.12.03"]
[Round "-"]
[White "emvarela"]
[Black "Aadsje"]
[Result "0-1"]
[WhiteCountry "ARG"]
[BlackCountry "NED"]
[WhiteElo "1765"]
[WhiteRD "48"]
[BlackElo "2137"]
[BlackRD "63"]
[GameID "322173"]

1. e4 c5 2. Nf3 e6 3. d4 cxd4 4. Nxd4 Nc6 5. Nc3 Qc7 6. Be2 Nf6 7. Be3 b6 8. Nxc6 dxc6 9. Qd2 Be7 10. O-O-O O-O
11. f4 Rd8 12. Qe1 Bb7 13. Qg3 b5 14. Rxd8+ Rxd8 15. Rd1 Rxd1+ 16. Kxd1 b4 17. Nb1 Nxe4 18. Qh3 c5 19. Bf3 e5 20. Bxe4 Bxe4
21. fxe5 Qxe5 22. Qc8+ Bf8 23. Nd2 Bf5
0-1

[Event "Take your time!"]
[Site "SchemingMind.com"]
[Date "2012.11.29"]
[Round "-"]
[White "ray winteringham"]
[Black "Aadsje"]
[Result "0-1"]
[WhiteCountry "ENG"]
[BlackCountry "NED"]
[WhiteElo "1474"]
[WhiteRD "51"]
[BlackElo "2233"]
[BlackRD "63"]
[GameID "322174"]

1. d4 Nf6 2. Nc3 d5 3. Bf4 c6 4. e3 Bf5 5. Nf3 e6 6. Bd3 Bd6 7. Bxd6 Qxd6 8. O-O Nbd7 9. Bxf5 exf5 10. Nh4 g6
11. Ne2 O-O 12. g3 Ne4 13. a3 Nb6 14. b3 Rfe8 15. Nf3 Nd7 16. Nd2 Ndf6 17. Nf4 Nc3 18. Qe1 c5 19. Nf3 Nfe4 20. Ne2 Nxe2+
21. Qxe2 Rac8 22. Qd3 c4 23. bxc4 Rxc4 24. Ne5 Rc3 25. Qb5 Re7 26. Qe2 f6 27. Nd3 Rec7 28. Rfc1 Rxa3 29. Nc5 Rxa1 30. Rxa1 Nxc5
31. dxc5 Qxc5 32. Qd3 a5 33. Rd1 a4 34. h4 b5 35. h5 a3 36. Ra1 b4 37. Qa6 Kg7 38. h6+ Kxh6 39. Qxf6 Qc3 40. Qh4+ Kg7
41. Rd1 a2 42. Qd4+ Qxd4 43. exd4 Rxc2
0-1

[Event "Take your time!"]
[Site "SchemingMind.com"]
[Date "2012.11.30"]
[Round "-"]
[White "Iucounu"]
[Black "Aadsje"]
[Result "0-1"]
[WhiteCountry "ENG"]
[BlackCountry "NED"]
[WhiteElo "1385"]
[WhiteRD "52"]
[BlackElo "2299"]
[BlackRD "67"]
[GameID "322175"]

1. e4 c5 2. Nf3 Nc6 3. d4 cxd4 4. Nxd4 Nf6 5. Nc3 d6 6. Bg5 e6 7. Qd2 Be7 8. Nxc6 bxc6 9. Bd3 h6 10. Be3 Ng4
11. O-O-O Nxe3 12. Qxe3 Qa5 13. b3 Qxc3 14. Qe1 Qa1+ 15. Kd2 Qxa2 16. Ra1 Qb2 17. Qc1 Bg5+
0-1

[Event "Take your time!"]
[Site "SchemingMind.com"]
[Date "2012.11.29"]
[Round "-"]
[White "Pol MacGilla tSamhais"]
[Black "Aadsje"]
[Result "0-1"]
[WhiteCountry "IRL"]
[BlackCountry "NED"]
[WhiteElo "1238"]
[WhiteRD "84"]
[BlackElo "2246"]
[BlackRD "61"]
[GameID "322176"]

1. d4 e6 2. e4 d5 3. e5 c5 4. c3 Qb6 5. Be2 Nc6 6. Nf3 Nh6 7. O-O cxd4 8. cxd4 Nf5 9. Nc3 Nfxd4 10. b3 Bd7
11. Be3 Nxf3+ 12. Bxf3 Qa5 13. Bd2 Nxe5 14. Nxd5 Nxf3+ 15. gxf3 Qxd5 16. Rc1 Bb5 17. Re1 Rd8 18. Rc2 Bb4 19. Bxb4 Qxd1 20. Rxd1 Rxd1+
21. Kg2 Bf1+ 22. Kg3 Kd7 23. Ba5 Rc8
0-1

[Event "Take your time!"]
[Site "SchemingMind.com"]
[Date "2012.11.28"]
[Round "-"]
[White "simpet"]
[Black "Aadsje"]
[Result "0-1"]
[WhiteCountry "ENG"]
[BlackCountry "NED"]
[WhiteElo "1590"]
[WhiteRD "59"]
[BlackElo "2233"]
[BlackRD "63"]
[GameID "322177"]

1. d4 f5 2. e3 Nf6 3. Bd3 e6 4. Nf3 b6 5. c4 Bb7 6. Nc3 Bb4 7. Bd2 O-O 8. a3 Bxc3 9. Bxc3 Ne4 10. O-O Nxc3
11. bxc3 c5 12. Be2 Qe7 13. d5 d6 14. Ne1 Nd7 15. f4 exd5 16. Nc2 Qe6 17. cxd5 Bxd5 18. Qd3 Nf6 19. Bf3 Bc4 20. Qd1 Bxf1
21. Bxa8 Bb5 22. Bf3 Ba4 23. Kf2 Re8 24. g3 Qb3 25. Ne1 Qb2+ 26. Qe2 Qxa1 27. Qc4+ d5 28. Qxa4 Rxe3 29. Kxe3 Qxe1+ 30. Kd3 c4+
31. Kd4 Qf2+ 32. Ke5 Qxf3 33. Qxa7 Qe3+ 34. Kxf5 Qe4+ 35. Kg5 Qg6+
0-1

[Event "Take your time!"]
[Site "SchemingMind.com"]
[Date "2012.11.29"]
[Round "-"]
[White "Quux"]
[Black "Jacek"]
[Result "0-1"]
[WhiteCountry "SWE"]
[BlackCountry "POL"]
[WhiteElo "1107"]
[WhiteRD "121"]
[BlackElo "1693"]
[BlackRD "79"]
[GameID "322193"]

1. e4 c5 2. Nf3 e6 3. d4 cxd4 4. Nxd4 a6 5. Nc3 Qc7 6. Be3 Nf6 7. Be2 b5 8. Qd2 Bb7 9. O-O-O b4 10. Nb1 Nxe4
0-1

[Event "Take your time!"]
[Site "SchemingMind.com"]
[Date "2012.11.28"]
[Round "-"]
[White "Quux"]
[Black "simpet"]
[Result "0-1"]
[WhiteCountry "SWE"]
[BlackCountry "ENG"]
[WhiteElo "1204"]
[WhiteRD "181"]
[BlackElo "1591"]
[BlackRD "59"]
[GameID "322200"]

1. d4 d5 2. Nc3 Nc6 3. e4 dxe4 4. Nxe4 Bf5 5. d5 Bxe4 6. dxc6 Qxd1+ 7. Kxd1 Bxc6 8. Bf4 O-O-O+ 9. Bd3 Bxg2 10. Kd2 Bxh1
11. Ne2 Be4 12. b4 e6 13. b5 Bb4+ 14. Nc3 Nf6 15. a3 Bxc3+ 16. Kxc3 Bxd3 17. cxd3 Nd5+
0-1

[Event "Take your time!"]
[Site "SchemingMind.com"]
[Date "2012.11.29"]
[Round "-"]
[White "Jacek"]
[Black "Quux"]
[Result "1-0"]
[WhiteCountry "POL"]
[BlackCountry "SWE"]
[WhiteElo "1780"]
[WhiteRD "70"]
[BlackElo "1077"]
[BlackRD "116"]
[GameID "322202"]

1. e4 e5 2. Bc4 Bc5 3. Nf3 Nc6 4. O-O Qe7 5. Nc3 Nf6 6. Nd5 Nxd5 7. exd5 Na5 8. Nxe5 O-O 9. d4 Bd6 10. Bd3 Qh4
11. g3 Qxd4 12. Bxh7+ Kxh7 13. Qxd4 b6 14. Qh4+ Kg8 15. Bf4 Bxe5 16. Bxe5
1-0

[Event "Take your time!"]
[Site "SchemingMind.com"]
[Date "2012.11.29"]
[Round "-"]
[White "ray winteringham"]
[Black "Quux"]
[Result "1-0"]
[WhiteCountry "ENG"]
[BlackCountry "SWE"]
[WhiteElo "1513"]
[WhiteRD "52"]
[BlackElo "1077"]
[BlackRD "116"]
[GameID "322206"]

1. d4 e5 2. dxe5 Nc6 3. Bf4 Qe7 4. b3 Nxe5 5. Bxe5 Qxe5 6. c3 Bb4 7. Qc2 d6 8. Nf3 Qf6 9. a3 Ba5 10. b4 Bb6
11. e3 Ne7 12. Bd3 Bf5 13. O-O Bxd3 14. Qxd3 O-O 15. Nbd2 a6 16. a4 Rfd8 17. Ne4 Qg6 18. Qb1 d5 19. Ng3
1-0

[Event "Take your time!"]
[Site "SchemingMind.com"]
[Date "2012.11.28"]
[Round "-"]
[White "simpet"]
[Black "Quux"]
[Result "0-1"]
[WhiteCountry "ENG"]
[BlackCountry "SWE"]
[WhiteElo "1591"]
[WhiteRD "59"]
[BlackElo "1204"]
[BlackRD "181"]
[GameID "322209"]

1. d4 e5 2. dxe5 d6 3. exd6 Bxd6 4. Nf3 Nc6 5. e3 Nf6 6. Bb5 O-O 7. O-O Qe7 8. Nc3 Ne5 9. b3 Nxf3+ 10. Qxf3 Bg4
11. Qxb7 Qe5 12. Bb2 Qxh2#
0-1